000 008080000a22002650004500
001 62832
010 _a972-41-0242-4
100 _a20120510d1996 a||y0pory5003 ba
101 0 _apor
102 _aPT
200 1 _aBeatriz e o plátano
_fIlse Losa
_gil. Lisa Couwenbergh
205 _a6ª. ed.
210 _aPorto
_cAsa
_d1996
215 _a35 p.
_cil.
225 2 _aAsa juvenil
_iSérie verde
301 _a978-972-41-2119-2 ISBN atribuído á 12ª ed.
606 _92126
_aLiteratura juvenil
_xConto
675 _a821.134.3-34
_vBN
_zpor
675 _a087.5-053.5
_vBN
_zpor
700 1 _928500
_aLosa
_bIlse
_f1913-2006
702 1 _915864
_4440
_aCouwenbergh
_bLisa
801 _aPT
_c20120510
090 _a62832
942 _cMON
_n0
999 _a51148